000
00373nam a2200145Ia 4500
008
230718s9999 xx 000 0 und d
041
_a
Eng.
082
_a
363.8
_b
متی-غ
100
_a
متین فاطمہ پر شیر
245
0
_a
غذا اور فرانت
260
_a
Pakistan
_b
اُردو سائٹس کورڈ
_c
2002
300
_a
252
650
_a
Law
999
_c
28832
_d
28832